| 000 | 00401cam a2200157ua 4500 | ||
|---|---|---|---|
| 003 | OSt | ||
| 008 | 250506b |||||||| |||| 00| 0 eng d | ||
| 020 | _a0 07 451913 1 | ||
| 041 | _aeng | ||
| 082 |
_a624.1517 _bSIN/SU |
||
| 100 |
_aSingh, Narinder . _97454 |
||
| 245 | _aSurveying / | ||
| 260 |
_aNew Delhi : _bTata Mc-Graw Hill Publishing Company , _c1990. |
||
| 300 | _a309 ; . | ||
| 942 | _cBK | ||
| 999 |
_c11033 _d11033 |
||